[Event "2013"]
[Site "?"]
[Date "2013.04.28"]
[Round "7.2"]
[White "Inarkiev, Ernesto"]
[Black "Dominguez Perez, Leinier"]
[Result "1/2-1/2"]
[LiveChessVersion "1.3.1"]
[BlackElo "2723"]
[WhiteElo "2688"]

1. e4 c5 {[%clk 1:29:52]} 2. Nf3 {[%clk 1:31:15]} d6 {[%clk 1:30:11]} 3. d4
{[%clk 1:31:41]} cxd4 {[%clk 1:30:36]} 4. Nxd4 {[%clk 1:32:07]} Nf6
{[%clk 1:31:00]} 5. Nc3 {[%clk 1:32:33]} a6 {[%clk 1:31:26]} 6. Be3
{[%clk 1:32:52]} e5 {[%clk 1:28:38]} 7. Nb3 {[%clk 1:33:13]} Be6 {[%clk 1:29:01]}
8. Qd2 {[%clk 1:33:12]} Nbd7 {[%clk 1:29:23]} 9. f3 {[%clk 1:33:15]} h5
{[%clk 1:29:48]} 10. O-O-O {[%clk 1:33:18]} Be7 {[%clk 1:30:11]} 11. Kb1
{[%clk 1:33:17]} b5 {[%clk 1:30:20]} 12. Nd5 {[%clk 1:24:11]} Bxd5
{[%clk 1:30:43]} 13. exd5 {[%clk 1:24:34]} Nb6 {[%clk 1:31:09]} 14. Bxb6
{[%clk 1:24:40]} Qxb6 {[%clk 1:31:36]} 15. Na5 {[%clk 1:24:02]} Rc8
{[%clk 1:32:01]} 16. Bd3 {[%clk 1:23:03]} Nxd5 {[%clk 1:21:01]} 17. Bf5
{[%clk 1:22:53]} Rb8 {[%clk 1:21:02]} 18. Qxd5 {[%clk 1:22:32]} Qxa5
{[%clk 1:21:26]} 19. Qc6+ {[%clk 1:20:50]} Kf8 {[%clk 1:20:06]} 20. Rxd6
{[%clk 1:19:08]} g6 {[%clk 1:16:32]} 21. Be4 {[%clk 1:11:55]} Bxd6
{[%clk 1:14:11]} 22. Qxd6+ {[%clk 1:12:18]} Kg7 {[%clk 1:14:36]} 23. Qxe5+
{[%clk 1:12:36]} Kh6 {[%clk 1:12:09]} 24. Qf4+ {[%clk 0:57:40]} Kg7
{[%clk 1:12:29]} 25. Qe5+ {[%clk 0:58:02]} Kh6 {[%clk 1:12:30]} 26. g4
{[%clk 0:57:01]} hxg4 {[%clk 0:18:00]} 27. h4 {[%clk 0:27:24]} Qb6
{[%clk 0:18:25]} 28. h5 {[%clk 0:22:09]} g5 {[%clk 0:18:49]} 29. f4
{[%clk 0:22:28]} f6 {[%clk 0:17:43]} 30. Qf5 {[%clk 0:15:53]} Rbg8
{[%clk 0:18:11]} 31. Rd1 {[%clk 0:16:14]} Rg7 {[%clk 0:13:10]} 32. a3 Rd8
{[%clk 0:11:50]} 33. fxg5+ {[%clk 0:08:23]} fxg5 {[%clk 0:12:18]} 34. Bd3
{[%clk 0:08:44]} Re8 {[%clk 0:08:15]} 35. Qxg4 {[%clk 0:08:37]} Qe6
{[%clk 0:06:22]} 36. Qb4 {[%clk 0:05:38]} Qe7 {[%clk 0:04:16]} 37. Qa5
{[%clk 0:05:51]} Qd6 {[%clk 0:03:18]} 38. Rf1 {[%clk 0:05:03]} Rgg8
{[%clk 0:01:56]} 39. Rf7 {[%clk 0:01:56]} Rg7 {[%clk 0:02:25]} 40. Rf5
{[%clk 0:31:53]} Qe6 {[%clk 0:30:49]} 41. Rf1 {[%clk 0:27:37]} Rf7
{[%clk 0:22:48]} 42. Rg1 {[%clk 0:26:39]} Rfe7 {[%clk 0:18:16]} 43. a4
{[%clk 0:20:24]} Rf8 {[%clk 0:18:18]} 44. axb5 {[%clk 0:19:32]} axb5
{[%clk 0:18:47]} 45. Qxb5 {[%clk 0:19:46]} Qe5 {[%clk 0:18:14]} 46. Qb6+
{[%clk 0:14:06]} Rf6 {[%clk 0:15:20]} 47. Qd8 {[%clk 0:12:56]} Re8
{[%clk 0:15:21]} 48. Qd7 {[%clk 0:13:07]} Re7 {[%clk 0:15:30]} 49. Qc8
{[%clk 0:12:46]} Re8 {[%clk 0:13:28]} 50. Qb7 {[%clk 0:13:10]} Re7
{[%clk 0:13:43]} 51. Qb4 {[%clk 0:12:44]} Qe3 {[%clk 0:10:16]} 52. Rd1
{[%clk 0:11:35]} Rb6 {[%clk 0:09:56]} 53. Qa3 {[%clk 0:09:13]} Qe5
{[%clk 0:07:46]} 54. Bc4 {[%clk 0:09:23]} Ra7 {[%clk 0:04:58]} 55. Qf8+
{[%clk 0:06:27]} Qg7 {[%clk 0:05:27]} 56. Rd6+ {[%clk 0:06:34]} Rxd6
{[%clk 0:05:56]} 57. Qxd6+ {[%clk 0:07:00]} Kxh5 58. Qh2+ {[%clk 0:05:42]} Kg6
{[%clk 0:04:45]} 59. Bd3+ {[%clk 0:05:45]} Kf7 {[%clk 0:05:04]} 60. Qf2+
{[%clk 0:05:37]} Kg8 {[%clk 0:04:50]} 61. Bc4+ {[%clk 0:05:24]} Kh7
{[%clk 0:05:03]} 62. Bd3+ {[%clk 0:03:58]} Kg8 {[%clk 0:05:24]} 63. Qf5
{[%clk 0:02:32]} Qe7 {[%clk 0:03:52]} 64. Qg6+ {[%clk 0:02:11]} Kf8
{[%clk 0:04:07]} 65. Qf5+ {[%clk 0:01:53]} Kg8 {[%clk 0:02:16]} 66. c4
{[%clk 0:02:18]} Rc7 {[%clk 0:02:00]} 67. Kc2 {[%clk 0:02:28]} Qe3
{[%clk 0:01:33]} 68. Qd5+ {[%clk 0:02:27]} Kg7 {[%clk 0:01:48]} 69. b4
{[%clk 0:02:07]} Rf7 {[%clk 0:01:33]} 70. c5 {[%clk 0:02:27]} g4 {[%clk 0:01:44]}
71. Qe4 {[%clk 0:01:02]} Qxe4 {[%clk 0:01:00]} 72. Bxe4 {[%clk 0:01:31]} Kf6
{[%clk 0:01:29]} 73. b5 {[%clk 0:00:45]} Ke5 {[%clk 0:00:59]} 74. Kd3
{[%clk 0:00:37]} Rf1 {[%clk 0:00:38]} 75. b6 {[%clk 0:00:36]} g3 {[%clk 0:00:37]}
76. c6 {[%clk 0:00:53]} Kd6 {[%clk 0:00:54]} 77. c7 {[%clk 0:01:11]} Rc1
{[%clk 0:00:48]} 78. Ke3 {[%clk 0:00:51]} g2 {[%clk 0:00:33]} 79. Bxg2
{[%clk 0:01:15]} Rxc7 {[%clk 0:00:59]} 80. bxc7 {[%clk 0:01:41]} Kxc7
{[%clk 0:01:28]} 81. Ke4 1/2-1/2

[Event "2013"]
[Site "?"]
[Date "2013.04.28"]
[Round "7.3"]
[White "Almasi, Zoltan"]
[Black "Quesada Perez, Yuniesky"]
[Result "0-1"]
[LiveChessVersion "1.3.1"]
[BlackElo "2608"]
[WhiteElo "2689"]

1. d4 {[%clk 1:31:11]} Nf6 {[%clk 1:30:57]} 2. c4 {[%clk 1:31:17]} e6
{[%clk 1:31:07]} 3. Nc3 {[%clk 1:31:19]} Bb4 {[%clk 1:30:45]} 4. e3 O-O 5. Bd3
{[%clk 1:30:58]} d5 {[%clk 1:31:01]} 6. Nf3 {[%clk 1:31:16]} c5 {[%clk 1:28:12]}
7. O-O {[%clk 1:31:32]} dxc4 {[%clk 1:28:12]} 8. Bxc4 {[%clk 1:27:25]} Nc6 9. a3
{[%clk 1:19:52]} Ba5 {[%clk 1:25:51]} 10. Bd3 {[%clk 1:07:22]} h6 11. Bc2 cxd4
{[%clk 1:09:13]} 12. exd4 {[%clk 1:07:43]} Bc7 {[%clk 1:05:05]} 13. Qd3 e5 14. d5
{[%clk 0:29:22]} Ne7 {[%clk 1:03:31]} 15. Rd1 {[%clk 0:29:03]} Bf5
{[%clk 0:57:25]} 16. Qe2 {[%clk 0:29:31]} Bxc2 {[%clk 0:56:41]} 17. Qxc2
{[%clk 0:19:34]} Bd6 18. Nd2 Rc8 {[%clk 0:32:21]} 19. Qd3 {[%clk 0:19:58]} Qd7
20. Nc4 Rfd8 {[%clk 0:27:20]} 21. Be3 {[%clk 0:19:52]} Bb8 {[%clk 0:26:30]} 22.
d6 {[%clk 0:16:57]} Qe6 {[%clk 0:24:49]} 23. b3 {[%clk 0:16:57]} Nf5 24. Ne4
{[%clk 0:12:03]} Nxe4 {[%clk 0:19:29]} 25. Qxe4 b5 26. Na5 {[%clk 0:08:33]} Nxd6
{[%clk 0:16:04]} 27. Qf3 {[%clk 0:07:38]} e4 {[%clk 0:15:17]} 28. Qe2
{[%clk 0:07:29]} a6 29. g3 {[%clk 0:06:05]} Nf5 {[%clk 0:14:22]} 30. Rxd8+
{[%clk 0:06:30]} Rxd8 31. Nb7 Rc8 {[%clk 0:09:55]} 32. Nc5 {[%clk 0:05:59]} Qe5
{[%clk 0:09:44]} 33. Rc1 {[%clk 0:06:22]} Ba7 34. b4 {[%clk 0:04:47]} Bxc5
{[%clk 0:09:30]} 35. bxc5 Rc6 {[%clk 0:08:47]} 36. Qd2 {[%clk 0:04:29]} Qe6
{[%clk 0:07:00]} 37. Bf4 {[%clk 0:04:14]} Kh7 {[%clk 0:06:05]} 38. Kg2
{[%clk 0:02:28]} Rc8 {[%clk 0:05:52]} 39. Be3 Rc7 {[%clk 0:32:20]} 40. Bf4
{[%clk 0:31:05]} Rd7 41. Bd6 {[%clk 0:25:19]} e3 {[%clk 0:16:10]} 42. fxe3 Nxe3+
{[%clk 0:12:17]} 43. Kg1 {[%clk 0:25:46]} Nc4 44. Qd4 {[%clk 0:24:46]} Nxd6
{[%clk 0:09:04]} 45. Rd1 Qc4 {[%clk 0:07:44]} 46. Qxc4 {[%clk 0:16:01]} bxc4 47.
cxd6 c3 {[%clk 0:05:33]} 48. Rc1 {[%clk 0:16:18]} Rxd6 {[%clk 0:05:58]} 49. Rxc3
Rd1+ {[%clk 0:05:16]} 50. Kg2 {[%clk 0:17:12]} Rd2+ {[%clk 0:05:55]} 51. Kg1
{[%clk 0:12:10]} Ra2 52. Kh1 {[%clk 0:10:25]} a5 {[%clk 0:05:44]} 53. Kg1 a4
{[%clk 0:05:18]} 54. Rf3 {[%clk 0:11:00]} f6 {[%clk 0:05:42]} 55. Kh1
{[%clk 0:10:58]} Kg6 {[%clk 0:06:03]} 56. Kg1 h5 {[%clk 0:05:26]} 57. Kh1
{[%clk 0:11:32]} f5 58. h3 {[%clk 0:07:24]} Kf6 {[%clk 0:03:30]} 59. g4
{[%clk 0:07:12]} g6 {[%clk 0:03:48]} 60. gxh5 {[%clk 0:07:18]} gxh5
{[%clk 0:04:07]} 61. Rc3 {[%clk 0:05:32]} Ke5 {[%clk 0:04:11]} 62. Rc5+
{[%clk 0:04:03]} Ke6 {[%clk 0:04:37]} 63. Rc3 {[%clk 0:02:26]} Kd5
{[%clk 0:04:40]} 64. Rf3 {[%clk 0:02:23]} Ke4 {[%clk 0:04:49]} 65. Rc3
{[%clk 0:02:53]} f4 {[%clk 0:04:55]} 66. Kg1 {[%clk 0:02:42]} f3 {[%clk 0:04:40]}
0-1

[Event "2013"]
[Site "?"]
[Date "2013.04.29"]
[Round "8.1"]
[White "Dominguez Perez, Leinier"]
[Black "Andreikin, Dmitry"]
[Result "1-0"]
[LiveChessVersion "1.3.1"]
[BlackElo "2727"]
[WhiteElo "2723"]

1. e4 {[%clk 1:29:54]} e6 {[%clk 1:30:52]} 2. d4 {[%clk 1:30:18]} d5
{[%clk 1:31:17]} 3. Nc3 {[%clk 1:30:42]} Nf6 {[%clk 1:30:45]} 4. e5
{[%clk 1:30:52]} Nfd7 {[%clk 1:31:10]} 5. f4 {[%clk 1:31:15]} c5 {[%clk 1:31:34]}
6. Nf3 {[%clk 1:31:40]} Nc6 {[%clk 1:30:29]} 7. Be3 {[%clk 1:32:03]} a6
{[%clk 1:20:39]} 8. Qd2 {[%clk 1:31:55]} b5 {[%clk 1:18:23]} 9. Nd1
{[%clk 1:26:06]} b4 {[%clk 1:00:17]} 10. c4 {[%clk 1:23:11]} cxd4
{[%clk 0:37:33]} 11. Nxd4 {[%clk 1:18:12]} Nxd4 {[%clk 0:37:14]} 12. Bxd4
{[%clk 1:18:01]} dxc4 {[%clk 0:37:39]} 13. Bxc4 {[%clk 1:07:01]} Bb7
{[%clk 0:36:52]} 14. Ne3 {[%clk 0:43:19]} Be7 {[%clk 0:37:17]} 15. Rd1
{[%clk 0:28:53]} Bh4+ {[%clk 0:31:23]} 16. Ke2 {[%clk 0:29:22]} O-O
{[%clk 0:30:00]} 17. Qxb4 {[%clk 0:27:42]} Rb8 {[%clk 0:26:15]} 18. Qc3
{[%clk 0:28:09]} Rc8 {[%clk 0:24:19]} 19. b3 {[%clk 0:27:35]} Qc7
{[%clk 0:21:30]} 20. Rhf1 {[%clk 0:24:12]} Nc5 {[%clk 0:19:47]} 21. f5 Kh8
{[%clk 0:06:19]} 22. Bxc5 {[%clk 0:15:35]} Qxc5 {[%clk 0:06:45]} 23. Qd4
{[%clk 0:16:01]} Bg5 {[%clk 0:03:44]} 24. fxe6 {[%clk 0:14:36]} Qc6
{[%clk 0:01:57]} 25. exf7 {[%clk 0:11:50]} Bxe3 {[%clk 0:02:23]} 26. Qxe3
{[%clk 0:12:15]} Qxg2+ {[%clk 0:02:49]} 27. Ke1 {[%clk 0:12:14]} Qxh2
{[%clk 0:02:51]} 28. e6 {[%clk 0:11:53]} Qh4+ {[%clk 0:03:16]} 29. Rf2
{[%clk 0:12:04]} Qh1+ {[%clk 0:02:23]} 30. Bf1 {[%clk 0:12:01]} Qh4
{[%clk 0:01:38]} 31. Qf4 {[%clk 0:08:51]} Qe7 {[%clk 0:01:39]} 32. Qd6
{[%clk 0:08:46]} Qg5 {[%clk 0:02:04]} 33. e7 {[%clk 0:08:05]} Rce8
{[%clk 0:01:35]} 34. fxe8=Q {[%clk 0:06:39]} Qe3+ {[%clk 0:01:58]} 35. Be2
{[%clk 0:05:13]} Qxf2+ {[%clk 0:01:47]} 36. Kd2 {[%clk 0:05:41]} 1-0

[Event "2013"]
[Site "?"]
[Date "2013.04.29"]
[Round "8.2"]
[White "Harikrishna, P."]
[Black "Almasi, Zoltan"]
[Result "0-1"]
[LiveChessVersion "1.3.1"]
[BlackElo "2689"]
[WhiteElo "2705"]

1. e4 {[%clk 1:30:55]} e5 {[%clk 1:30:54]} 2. Nf3 {[%clk 1:31:20]} Nc6
{[%clk 1:31:21]} 3. Bb5 {[%clk 1:31:40]} Nf6 {[%clk 1:31:30]} 4. d3
{[%clk 1:31:41]} Bc5 {[%clk 1:31:44]} 5. c3 {[%clk 1:31:47]} O-O {[%clk 1:31:48]}
6. O-O {[%clk 1:31:41]} Re8 {[%clk 1:29:11]} 7. d4 {[%clk 1:27:33]} Bb6
{[%clk 1:28:14]} 8. Re1 {[%clk 1:21:28]} exd4 {[%clk 1:13:16]} 9. e5
{[%clk 1:18:12]} Ng4 {[%clk 1:13:27]} 10. Bxc6 {[%clk 1:12:04]} dxc3
{[%clk 1:10:29]} 11. Bd5 {[%clk 1:10:19]} Bxf2+ {[%clk 1:05:32]} 12. Kf1
{[%clk 1:01:42]} cxb2 {[%clk 0:54:15]} 13. Bxb2 {[%clk 0:58:30]} Bxe1
{[%clk 0:54:08]} 14. Qd4 {[%clk 0:54:08]} Nxe5 {[%clk 0:44:35]} 15. Nxe5
{[%clk 0:47:11]} Qf6+ {[%clk 0:44:39]} 16. Nf3 {[%clk 0:32:43]} Qxd4
{[%clk 0:43:12]} 17. Nxd4 {[%clk 0:32:56]} d6 {[%clk 0:33:16]} 18. Nc3
{[%clk 0:28:05]} Bxc3 {[%clk 0:30:24]} 19. Bxc3 {[%clk 0:28:27]} Rb8
{[%clk 0:23:33]} 20. a4 {[%clk 0:25:01]} Bd7 {[%clk 0:22:17]} 21. Bf3
{[%clk 0:24:13]} Re5 {[%clk 0:20:38]} 22. a5 {[%clk 0:21:22]} Rc5
{[%clk 0:20:40]} 23. Ra3 {[%clk 0:18:24]} a6 {[%clk 0:17:18]} 24. Kf2
{[%clk 0:18:14]} h6 {[%clk 0:17:15]} 25. Bd2 {[%clk 0:16:25]} Rc4
{[%clk 0:16:38]} 26. Bc3 {[%clk 0:15:41]} b5 {[%clk 0:15:30]} 27. axb6
{[%clk 0:15:08]} Rxb6 {[%clk 0:14:34]} 28. Bd1 {[%clk 0:13:53]} c5
{[%clk 0:13:00]} 29. Ne2 {[%clk 0:14:10]} Re4 {[%clk 0:05:10]} 30. Bc2
{[%clk 0:11:34]} Re8 {[%clk 0:04:29]} 31. Nf4 {[%clk 0:11:26]} Be6
{[%clk 0:03:29]} 32. Nh5 {[%clk 0:04:25]} Bg4 {[%clk 0:03:34]} 33. Nf4
{[%clk 0:04:31]} Be6 {[%clk 0:03:44]} 34. Nh5 {[%clk 0:04:55]} f6
{[%clk 0:04:02]} 35. Ba1 {[%clk 0:03:34]} Bf7 {[%clk 0:04:00]} 36. Nf4
{[%clk 0:03:36]} d5 {[%clk 0:03:56]} 37. Ra5 {[%clk 0:03:50]} Rc8
{[%clk 0:04:03]} 38. Bf5 {[%clk 0:03:37]} Rc7 {[%clk 0:04:29]} 39. Nd3
{[%clk 0:03:43]} g6 {[%clk 0:04:19]} 40. Bg4 {[%clk 0:34:07]} c4 {[%clk 0:31:29]}
41. Bd4 {[%clk 0:30:53]} Rb5 {[%clk 0:31:27]} 42. Rxb5 {[%clk 0:27:31]} axb5
{[%clk 0:31:55]} 43. Nc5 {[%clk 0:27:53]} f5 {[%clk 0:30:09]} 44. Na6
{[%clk 0:27:23]} Rb7 {[%clk 0:29:46]} 45. Bd1 {[%clk 0:27:01]} b4
{[%clk 0:29:39]} 46. Nc5 {[%clk 0:27:17]} Re7 {[%clk 0:29:20]} 47. Na4
{[%clk 0:24:44]} f4 {[%clk 0:18:47]} 48. g3 {[%clk 0:23:46]} fxg3+
{[%clk 0:18:59]} 49. hxg3 {[%clk 0:24:07]} g5 {[%clk 0:18:39]} 50. Bc5
{[%clk 0:22:22]} Rb7 {[%clk 0:17:53]} 51. Bc2 {[%clk 0:22:28]} Be8
{[%clk 0:17:29]} 52. Nb6 {[%clk 0:22:34]} b3 {[%clk 0:17:42]} 53. Bd1
{[%clk 0:21:57]} Bg6 {[%clk 0:17:38]} 0-1

[Event "2013"]
[Site "?"]
[Date "2013.04.29"]
[Round "8.3"]
[White "Quesada Perez, Yuniesky"]
[Black "Inarkiev, Ernesto"]
[Result "0-1"]
[LiveChessVersion "1.3.1"]
[BlackElo "2688"]
[WhiteElo "2608"]

1. e4 {[%clk 1:30:56]} c6 2. Nc3 {[%clk 1:27:18]} d5 {[%clk 1:30:52]} 3. Nf3 Bg4
4. h3 {[%clk 1:27:43]} Bxf3 {[%clk 1:28:34]} 5. Qxf3 {[%clk 1:28:07]} e6
{[%clk 1:28:53]} 6. d4 {[%clk 1:28:00]} dxe4 7. Nxe4 {[%clk 1:18:12]} Qxd4
{[%clk 1:21:27]} 8. c3 Qd5 {[%clk 0:55:58]} 9. Bg5 {[%clk 1:08:10]} f5 10. Nd2
Qxf3 {[%clk 0:53:12]} 11. Nxf3 {[%clk 1:06:39]} h6 {[%clk 0:53:47]} 12. Bf4
{[%clk 0:40:03]} Nf6 {[%clk 0:52:37]} 13. O-O-O Nbd7 14. Nd4 {[%clk 0:20:49]} Kf7
{[%clk 0:48:32]} 15. Bc4 {[%clk 0:20:27]} Nd5 {[%clk 0:48:09]} 16. Bh2 g6
{[%clk 0:36:34]} 17. Rhe1 {[%clk 0:16:12]} Re8 {[%clk 0:36:00]} 18. g4 Bc5
{[%clk 0:26:23]} 19. Re2 {[%clk 0:13:11]} a6 {[%clk 0:20:38]} 20. Bb3
{[%clk 0:12:26]} Re7 {[%clk 0:18:53]} 21. Nf3 {[%clk 0:12:09]} Rc8
{[%clk 0:14:55]} 22. Ne1 {[%clk 0:10:31]} Bb6 {[%clk 0:13:40]} 23. Bd6
{[%clk 0:09:04]} Ree8 {[%clk 0:14:02]} 24. Nd3 {[%clk 0:08:49]} Bc7
{[%clk 0:14:07]} 25. Bxc7 {[%clk 0:07:14]} Rxc7 {[%clk 0:14:17]} 26. Rde1
{[%clk 0:07:26]} Rcc8 {[%clk 0:13:50]} 27. f3 {[%clk 0:07:14]} Rcd8
{[%clk 0:12:49]} 28. Kc2 {[%clk 0:07:17]} Re7 {[%clk 0:09:43]} 29. gxf5
{[%clk 0:05:55]} gxf5 {[%clk 0:10:06]} 30. Bxd5 {[%clk 0:06:08]} cxd5
{[%clk 0:10:34]} 31. Nf4 {[%clk 0:06:14]} Nf8 {[%clk 0:08:14]} 32. Nd3 Ng6 33. f4
{[%clk 0:05:32]} Kf6 {[%clk 0:06:10]} 34. Rg1 {[%clk 0:03:59]} Nh4
{[%clk 0:01:14]} 35. Rg3 {[%clk 0:03:44]} Ree8 {[%clk 0:01:18]} 36. a4
{[%clk 0:03:11]} a5 {[%clk 0:01:41]} 37. Nc5 {[%clk 0:01:43]} b6 {[%clk 0:01:53]}
38. Nb3 {[%clk 0:02:08]} Ng6 {[%clk 0:01:22]} 39. Rf3 {[%clk 0:02:33]} e5
{[%clk 0:01:12]} 40. fxe5+ {[%clk 0:26:59]} Nxe5 {[%clk 0:31:21]} 41. Rg3
{[%clk 0:27:16]} Nc4 {[%clk 0:23:26]} 42. Rf2 Re3 43. Rxe3 {[%clk 0:24:57]} Nxe3+
{[%clk 0:23:54]} 44. Kd3 Nc4 {[%clk 0:17:48]} 45. Nd4 {[%clk 0:24:12]} Nd6 46.
Ke3 {[%clk 0:10:59]} Re8+ {[%clk 0:16:56]} 47. Kf3 Re4 {[%clk 0:16:10]} 48. Rg2
{[%clk 0:10:56]} Nc4 49. Rf2 {[%clk 0:08:13]} Re3+ {[%clk 0:07:03]} 50. Kg2
{[%clk 0:06:09]} Nd6 {[%clk 0:07:16]} 51. Rf3 {[%clk 0:05:27]} Re1 52. Rf2
{[%clk 0:04:51]} Ra1 {[%clk 0:06:16]} 53. b3 {[%clk 0:04:27]} Rd1
{[%clk 0:05:51]} 54. Rf3 {[%clk 0:02:36]} Ke5 55. Rg3 {[%clk 0:02:46]} Ne4
{[%clk 0:03:04]} 56. Nc6+ Kf6 {[%clk 0:02:42]} 57. Rf3 {[%clk 0:02:50]} Rd2+
{[%clk 0:02:56]} 58. Kg1 Ng5 {[%clk 0:02:19]} 59. Re3 {[%clk 0:03:42]} f4
{[%clk 0:02:33]} 60. Re8 {[%clk 0:04:07]} f3 {[%clk 0:01:49]} 61. Kf1
{[%clk 0:03:47]} Rd3 62. Nd4 {[%clk 0:04:09]} Rxc3 {[%clk 0:02:22]} 63. h4 Ne4
{[%clk 0:02:17]} 0-1

[Event "2013"]
[Site "?"]
[Date "2013.04.30"]
[Round "9.1"]
[White "Dominguez Perez, Leinier"]
[Black "Harikrishna, P."]
[Result "1-0"]
[LiveChessVersion "1.3.1"]
[BlackElo "2705"]
[WhiteElo "2723"]

1. e4 {[%clk 1:25:00]} e5 {[%clk 1:30:54]} 2. Nf3 {[%clk 1:25:27]} Nc6
{[%clk 1:31:18]} 3. Bb5 {[%clk 1:25:54]} Nf6 {[%clk 1:31:34]} 4. d3
{[%clk 1:26:14]} Bc5 {[%clk 1:31:59]} 5. c3 {[%clk 1:26:37]} O-O {[%clk 1:32:24]}
6. O-O {[%clk 1:27:03]} d6 {[%clk 1:31:15]} 7. h3 {[%clk 1:27:26]} Ne7
{[%clk 1:30:21]} 8. d4 {[%clk 1:27:27]} Bb6 {[%clk 1:30:40]} 9. Re1
{[%clk 1:27:50]} Ng6 {[%clk 1:27:35]} 10. Bd3 {[%clk 1:27:20]} Re8
{[%clk 1:25:19]} 11. Qc2 {[%clk 1:27:41]} h6 {[%clk 1:22:05]} 12. Be3
{[%clk 1:28:04]} Nh5 {[%clk 1:17:10]} 13. Nbd2 {[%clk 1:26:10]} Qf6
{[%clk 1:11:44]} 14. Bf1 {[%clk 1:18:12]} Nhf4 {[%clk 1:09:14]} 15. a4
{[%clk 1:10:53]} c6 {[%clk 1:07:43]} 16. b4 {[%clk 1:07:23]} d5 {[%clk 1:02:32]}
17. a5 {[%clk 0:53:14]} Bc7 {[%clk 1:02:15]} 18. Kh1 {[%clk 0:51:38]} Be6
{[%clk 0:50:29]} 19. dxe5 {[%clk 0:48:20]} Bxe5 {[%clk 0:45:07]} 20. Nxe5
{[%clk 0:43:33]} Qxe5 {[%clk 0:45:14]} 21. Bd4 {[%clk 0:43:07]} Qc7
{[%clk 0:42:00]} 22. c4 {[%clk 0:40:17]} dxc4 {[%clk 0:34:06]} 23. Nxc4
{[%clk 0:40:02]} Bxc4 {[%clk 0:34:31]} 24. Qxc4 {[%clk 0:37:36]} b6
{[%clk 0:34:45]} 25. Be3 {[%clk 0:36:12]} Ne6 {[%clk 0:33:45]} 26. Rec1
{[%clk 0:32:36]} Rac8 {[%clk 0:33:11]} 27. Qc3 {[%clk 0:28:22]} c5
{[%clk 0:31:16]} 28. Ba6 {[%clk 0:26:27]} Rcd8 {[%clk 0:31:08]} 29. f3
{[%clk 0:24:21]} Ngf4 {[%clk 0:29:51]} 30. Bf1 {[%clk 0:24:44]} Nh5
{[%clk 0:27:19]} 31. Kg1 {[%clk 0:25:05]} Ng3 {[%clk 0:27:14]} 32. Bb5
{[%clk 0:24:50]} Nf4 {[%clk 0:26:46]} 33. Ra2 {[%clk 0:20:17]} Re6
{[%clk 0:23:12]} 34. bxc5 {[%clk 0:17:00]} bxc5 {[%clk 0:20:47]} 35. Qxc5
{[%clk 0:13:12]} Qb8 {[%clk 0:19:28]} 36. Qc7 {[%clk 0:08:47]} Rd1+
{[%clk 0:18:41]} 37. Kh2 {[%clk 0:09:08]} Qxc7 {[%clk 0:09:23]} 38. Rxc7
{[%clk 0:09:26]} Nfh5 {[%clk 0:06:38]} 39. Rc1 {[%clk 0:07:07]} Rxc1
{[%clk 0:06:05]} 40. Bxc1 {[%clk 0:37:29]} Re5 {[%clk 0:35:14]} 41. Bc4
{[%clk 0:33:12]} Rc5 {[%clk 0:34:24]} 42. Ra4 {[%clk 0:33:25]} Rc6
{[%clk 0:33:24]} 43. Be3 {[%clk 0:31:54]} 1-0

[Event "2013"]
[Site "?"]
[Date "2013.04.30"]
[Round "9.2"]
[White "Andreikin, Dmitry"]
[Black "Quesada Perez, Yuniesky"]
[Result "1/2-1/2"]
[LiveChessVersion "1.3.1"]
[BlackElo "2608"]
[WhiteElo "2727"]

1. d4 {[%clk 1:29:18]} Nf6 {[%clk 1:30:57]} 2. c4 {[%clk 1:29:41]} e6
{[%clk 1:31:22]} 3. Nf3 {[%clk 1:30:08]} Bb4+ {[%clk 1:31:29]} 4. Bd2
{[%clk 1:30:27]} Bxd2+ {[%clk 1:31:43]} 5. Qxd2 {[%clk 1:30:12]} d5
{[%clk 1:32:06]} 6. Nc3 {[%clk 1:28:25]} O-O {[%clk 1:32:13]} 7. e3
{[%clk 1:28:29]} Qe7 {[%clk 1:31:30]} 8. Rc1 {[%clk 1:16:41]} Rd8
{[%clk 1:25:58]} 9. cxd5 {[%clk 1:03:28]} exd5 {[%clk 1:26:09]} 10. Bd3
{[%clk 1:03:53]} Nc6 {[%clk 1:24:50]} 11. a3 {[%clk 0:39:43]} Bg4
{[%clk 1:16:51]} 12. O-O {[%clk 0:32:25]} a6 {[%clk 0:56:48]} 13. Ne1
{[%clk 0:27:28]} Ne4 {[%clk 0:43:40]} 14. Qc2 {[%clk 0:27:54]} Nxc3
{[%clk 0:43:19]} 15. bxc3 {[%clk 0:27:57]} g6 {[%clk 0:38:28]} 16. h3
{[%clk 0:26:47]} Be6 {[%clk 0:38:54]} 17. a4 {[%clk 0:26:21]} Na5
{[%clk 0:39:02]} 18. Qb2 {[%clk 0:21:03]} c5 {[%clk 0:37:13]} 19. Qb6
{[%clk 0:18:44]} Rd6 {[%clk 0:36:28]} 20. Qb2 {[%clk 0:18:19]} Qc7
{[%clk 0:33:59]} 21. Nf3 {[%clk 0:17:47]} Rb6 {[%clk 0:33:16]} 22. Qa2
{[%clk 0:18:09]} Rc8 {[%clk 0:33:13]} 23. Ng5 {[%clk 0:16:57]} Qe7
{[%clk 0:24:46]} 24. Nxe6 {[%clk 0:16:41]} Qxe6 {[%clk 0:24:16]} 25. Rb1
{[%clk 0:17:00]} 1/2-1/2

[Event "2013"]
[Site "?"]
[Date "2013.04.30"]
[Round "9.3"]
[White "Inarkiev, Ernesto"]
[Black "Almasi, Zoltan"]
[Result "0-1"]
[LiveChessVersion "1.3.1"]
[BlackElo "2689"]
[WhiteElo "2688"]

1. e4 {[%clk 1:30:55]} e5 2. Nf3 {[%clk 1:30:57]} Nc6 {[%clk 1:31:19]} 3. Bb5
{[%clk 1:31:24]} Nf6 {[%clk 1:31:38]} 4. Nc3 {[%clk 1:31:58]} Bd6
{[%clk 1:25:47]} 5. a3 {[%clk 1:31:47]} O-O {[%clk 1:24:17]} 6. d3
{[%clk 1:28:37]} Re8 7. Bc4 Bc5 {[%clk 1:16:19]} 8. b4 {[%clk 1:20:35]} Bd4
{[%clk 1:14:47]} 9. Nxd4 Nxd4 {[%clk 1:12:28]} 10. Nd5 {[%clk 1:12:17]} Nxd5
{[%clk 1:11:23]} 11. exd5 d6 {[%clk 1:08:39]} 12. O-O {[%clk 1:12:06]} Bd7
{[%clk 1:06:40]} 13. c3 {[%clk 1:10:01]} Nf5 {[%clk 1:06:07]} 14. Ra2
{[%clk 1:09:43]} Qf6 {[%clk 0:47:48]} 15. b5 a6 16. bxa6 {[%clk 0:45:49]} b5
{[%clk 0:48:06]} 17. Bb3 {[%clk 0:46:14]} Rxa6 {[%clk 0:48:32]} 18. Re2
{[%clk 0:46:04]} Raa8 {[%clk 0:48:29]} 19. Re4 {[%clk 0:35:51]} h6
{[%clk 0:47:48]} 20. Rb4 {[%clk 0:29:05]} Qg6 21. Re1 {[%clk 0:26:31]} Ne7
{[%clk 0:40:22]} 22. Re3 f5 {[%clk 0:33:39]} 23. f4 {[%clk 0:24:01]} exf4
{[%clk 0:33:51]} 24. Rxf4 Qf6 25. Rf1 {[%clk 0:18:24]} Ng6 {[%clk 0:31:38]} 26.
Rg3 {[%clk 0:18:15]} f4 {[%clk 0:28:44]} 27. d4 {[%clk 0:15:41]} Rf8
{[%clk 0:27:45]} 28. c4 {[%clk 0:16:09]} bxc4 {[%clk 0:25:43]} 29. Bxc4 fxg3
{[%clk 0:15:34]} 30. Rxf6 {[%clk 0:16:33]} gxh2+ {[%clk 0:16:01]} 31. Kxh2
{[%clk 0:16:58]} Rxf6 {[%clk 0:16:29]} 32. Qc2 {[%clk 0:10:56]} Bf5
{[%clk 0:10:51]} 33. Bd3 {[%clk 0:11:24]} Bxd3 {[%clk 0:08:16]} 34. Qxd3
{[%clk 0:05:49]} Nh4 35. Bd2 Re8 {[%clk 0:03:48]} 36. Kh3 {[%clk 0:04:34]} g5
{[%clk 0:02:04]} 37. a4 {[%clk 0:03:03]} Rf2 {[%clk 0:01:54]} 38. g3
{[%clk 0:03:08]} Nf5 {[%clk 0:01:59]} 39. a5 {[%clk 0:01:38]} Ree2
{[%clk 0:01:22]} 40. Bf4 {[%clk 0:30:43]} h5 {[%clk 0:30:45]} 41. g4
{[%clk 0:22:03]} gxf4 {[%clk 0:30:49]} 0-1